000 00858nam a22002175i 4500
001 54090
003 ES-MaACL
005 20250912063039.0
007 t|
008 960710s1887 sp ||||1| spa d
040 _aCAM
_bspa
_cCAM
100 1 _aFerri, Enrico,
_d1856-1929
_950564
245 1 4 _aLos nuevos horizontes del derecho y del precedimiento penal /
_cpor Enrico Ferri ...; versión castellana de Isidro Perez Oliva.
250 _a2ª ed. corr. y aum. con una tabla de la criminalidad en Italia y un prólogo del autor ...
260 _aMadrid :
_bCentro editorial de Góngora,
_c1887 (
_fEstablecimiento tipográfico de José Góngora)
300 _aXX, 413 p., [2] h. pleg. ;
_c22 cm.
700 1 _aPérez y Oliva, Isidro,
_d1864-1929
_9131496
852 _aES-MaACL
_jD-4590
852 _aES-MaACL
_jF-10433
999 _c54090
_d54090